Mademoiselle Jessica /

Jessica's scheming leads to trouble when she enters a contest to win an all-expenses-paid trip to Paris and her exaggerated entry about her "perfect" family leads to their selection as finalists.

Bibliographic Details
Main Author: Suzanne, Jamie
Other Authors: Pascal, Francine, Peraire del Molino, C. (Conchita)
Format: Book
Language:Spanish
Published: Barcelona : Editorial Molino, [1995]
Series:Gemelas de Sweet Valley ; 46.
Subjects:

MARC

Tag First Indicator Second Indicator Subfields
LEADER 00000cam a2200000Ia 4500
001 in00001993979
005 20151031120753.0
008 040504s1995 sp j 000 1 spa d
020 |a 8427246463 
035 |a (OCoLC)ocm55075135 
040 |a TEF  |c TEF  |d TXA  |d UtOrBLW 
041 1 |a spa  |h eng 
049 |a TXAM 
050 1 4 |a PZ73  |b .G4 no.46 
082 0 4 |a 813  |2 22 
100 1 |a Suzanne, Jamie. 
240 1 0 |a Mademoiselle Jessica.  |l Spanish 
245 1 0 |a Mademoiselle Jessica /  |c escrito por Jamie Suzanne ; creado por Francine Pascal ; traducción de Conchita Peraire del Molino. 
264 1 |a Barcelona :  |b Editorial Molino,  |c [1995] 
264 4 |c ©1995 
300 |a 158 pages ;  |c 17 cm. 
336 |a text  |b txt  |2 rdacontent 
337 |a unmediated  |b n  |2 rdamedia 
338 |a volume  |b nc  |2 rdacarrier 
490 1 |a Gemelas de Sweet Valley ;  |v 46 
520 |a Jessica's scheming leads to trouble when she enters a contest to win an all-expenses-paid trip to Paris and her exaggerated entry about her "perfect" family leads to their selection as finalists. 
650 0 |a Twins  |v Juvenile fiction. 
650 0 |a Contests  |v Juvenile fiction. 
650 0 |a Families  |v Juvenile fiction. 
650 1 |a Twins  |v Fiction. 
650 1 |a Contests  |v Fiction. 
650 1 |a Family  |v Fiction. 
650 7 |a Mellizas  |v Novela juvenil.  |2 bidex 
650 7 |a Familia  |v Novela juvenil.  |2 bidex 
700 1 |a Pascal, Francine. 
700 1 |a Peraire del Molino, C.  |q (Conchita) 
830 0 |a Gemelas de Sweet Valley ;  |v 46. 
994 |a E0  |b TXA 
948 |a cataloged  |b h  |c 2004/10/4  |d c  |e jlanham  |f 12:30:23 pm 
999 |a MARS 
999 f f |s 1d1835de-9d04-322d-a3c8-eade82a12402  |i 5e2d52f2-7b4c-3697-91ed-5909e17c6ee7  |t 0 
952 f f |p normal  |a Texas A&M University  |b College Station  |c Sterling C. Evans Library  |d Evans: Curriculum Collection (4th floor)  |t 0  |e PZ73 .G4 no.46  |h Library of Congress classification  |i unmediated -- volume  |m A14831370841 
998 f f |a PZ73 .G4 no.46  |t 0  |l Evans: Curriculum Collection (4th floor)